Statistiken für Gemeinden im Landkreis Karlsruhe

Klicken Sie hier um das Quiz zu spielen!

Allgemein

  • Dieses Quiz wurde 169 mal gespielt
  • Das Durchschnittsergebnis liegt bei 13 aus 32

Antwortstatistiken

% Korrekt
Bruchsal
85%
Ettlingen
78%
Bretten
64%
Rheinstetten
62%
Weingarten (Baden)
59%
Stutensee
56%
Linkenheim-Hochstetten
55%
Eggenstein-Leopoldshafen
54%
Pfinztal
51%
Waghäusel
50%
Graben-Neudorf
48%
Malsch
48%
Karlsbad
46%
Ubstadt-Weiher
46%
Bad Schönborn
41%
Forst
40%
Karlsdorf-Neuthard
39%
Kraichtal
38%
Kronau
37%
Philippsburg
36%
Östringen
32%
Hambrücken
31%
Waldbronn
31%
Dettenheim
27%
Oberderdingen
27%
Oberhausen-Rheinhausen
27%
Walzbachtal
26%
Gondelsheim
24%
Marxzell
24%
Zaisenhausen
23%
Sulzfeld
21%
Kürnbach
19%

Verteilung der Resultate

Perzentil nach korrekt beantworteten Fragen

Anzahl Personen mit jedem Resultat

Ihre Resultats-Entwicklung

Sie haben dieses Quiz noch nicht gespielt